| 000 | 00556nam a2200145Ia 4500 | ||
|---|---|---|---|
| 008 | 140724s9999 xx 000 0 und d | ||
| 050 |
_aRC 321 _b.P797 2010 |
||
| 100 | _aPonio, Kristie Anne Faith L. | ||
| 245 |
_aRelationship between brain hemisphere dominance and the performance of BSN Students in a core nursing subject / _cPonio, Kristie Anne Faith L. |
||
| 260 |
_aLas PiƱas, Philippines : _bSouthville International School and Colleges, _cc2010. |
||
| 300 |
_a103 p. : _bcol. Ill. ; _c28 cm. |
||
| 521 | _aNursing | ||
| 942 | _cTH | ||
| 999 |
_c228960 _d228960 |
||